| 000 | 00556cam a2200205 4500 | ||
|---|---|---|---|
| 001 | D9829 | ||
| 008 | 090401t1982 xxu||||| |||| 00| 0 eng d | ||
| 035 | _a(Sirsi) u22722 | ||
| 041 | _aeng | ||
| 050 | _a692.2 | ||
| 100 | _aWhyte, W.S. | ||
| 245 | 4 | _aThe Building Regulations explained and illustrated for residential buildings | |
| 250 | _a6th | ||
| 260 |
_aSt. Albans _bGranada Publishing _c1982 |
||
| 300 | _ax. 302p. 23cm | ||
| 350 | _a8.95 | ||
| 520 | _a6th Edition by W.S. Whyte and Vincent Powell-Smith | ||
| 942 | _n0 | ||
| 948 | _c04/03/1997 | ||
| 999 |
_c88235 _d88235 |
||